III curso sobre "Enfermedades del aparato digestivo" / (Record no. 142224)

MARC details
000 -LEADER
campo de control de longitud fija 00809nam a2200193 i 4500
001 - NÚMERO DE CONTROL
campo de control 142224
003 - IDENTIFICADOR DE NÚMERO DE CONTROL
campo de control ES-MaACL
005 - FECHA Y HORA DE LA ÚLTIMA TRANSACCIÓN
campo de control 20230906200455.0
007 - CAMPO FIJO DE DESCRIPCIÓN FÍSICA--INFORMACIÓN GENERAL
campo de control de longitud fija t|
008 - DATOS DE LONGITUD FIJA--INFORMACIÓN GENERAL
campo de control de longitud fija 071003s1976 sp ||||1| spa d
111 2# - ENTRADA PRINCIPAL--NOMBRE DE CONGRESO/REUNIÓN
Nombre de congreso/reunión o jurisdicción como elemento de entrada Curso sobre Enfermedades del Aparato Digestivo (
Número del congreso/reunión o número de parte o sección 3º.
Fecha del congreso o de la firma del tratado 1976.
Sede del congreso/Lugar de la reunión Bilbao)
9 (RLIN) 614
245 10 - MENCIÓN DEL TÍTULO
Título III curso sobre "Enfermedades del aparato digestivo" /
Mención de responsabilidad, etc. dirigido por el Dr. A. Villanueva Eda ; con la colaboración de la Asociación Gastroenterológica Vizcaina.
260 ## - PUBLICACIÓN, DISTRIBUCIÓN, ETC.
Lugar de publicación, distribución, etc. Madrid :
Nombre del editor, distribuidor, etc. Laboratorios Delagrange,
Fecha de publicación, distribución, etc. 1976.
300 ## - DESCRIPCIÓN FÍSICA
Extensión 266 p. :
Otras características físicas il. ;
Dimensiones 22 cm.
650 14 - PUNTO DE ACCESO ADICIONAL DE MATERIA--TÉRMINO DE MATERIA
Término de materia o nombre geográfico como elemento de entrada Aparato digestivo-
Subdivisión general Enfermedades-
Subdivisión de forma Congresos y asambleas.
9 (RLIN) 9907
700 1# - ENTRADA AGREGADA--NOMBRE PERSONAL
Nombre de persona Villanueva Edo, Antonio.
9 (RLIN) 115039
710 2# - ENTRADA AGREGADA--NOMBRE DE ENTIDAD CORPORATIVA
Nombre de entidad corporativa o nombre de jurisdicción como elemento de entrada Asociación Gastroenterológica Vizcaína.
9 (RLIN) 1711
852 ## - LOCALIZACIÓN
Ubicación ES-MaACL
Número de control de estantería A-6536
Sublocalización o colección R.95317
Holdings
Estatus retirado Estado de pérdida Estado de daño No para préstamo Biblioteca de origen Biblioteca actual Ubicación en estantería Fecha de adquisición Fuente de adquisición Total de préstamos Signatura topográfica completa Código de barras Visto por última vez Precio de reemplazo Tipo de ítem Koha
        Biblioteca del Ateneo de Madrid Biblioteca del Ateneo de Madrid Sala Pecera Planta 1 17/01/2008     A-6536 1147985 23/02/2023 23/02/2023 Libro impreso